<?xml version="1.0" encoding="UTF-8"?>
<record
    xmlns:xsi="http://www.w3.org/2001/XMLSchema-instance"
    xsi:schemaLocation="http://www.loc.gov/MARC21/slim http://www.loc.gov/standards/marcxml/schema/MARC21slim.xsd"
    xmlns="http://www.loc.gov/MARC21/slim">

  <leader>01793namaa2200205 a 4500</leader>
  <controlfield tag="008">190531s1982    es ||||| |||| 00| f spa d</controlfield>
  <datafield tag="020" ind1=" " ind2=" ">
    <subfield code="a">8434580187</subfield>
  </datafield>
  <datafield tag="041" ind1=" " ind2=" ">
    <subfield code="a">spa</subfield>
  </datafield>
  <datafield tag="092" ind1=" " ind2=" ">
    <subfield code="c">808</subfield>
    <subfield code="l">65</subfield>
    <subfield code="s">PAV</subfield>
  </datafield>
  <datafield tag="100" ind1="1" ind2=" ">
    <subfield code="a">Pavese, Cesare</subfield>
    <subfield code="9">4046</subfield>
  </datafield>
  <datafield tag="245" ind1="3" ind2=" ">
    <subfield code="a">El diablo sobre las colinas /</subfield>
    <subfield code="b">Cesare Pavese</subfield>
  </datafield>
  <datafield tag="250" ind1=" " ind2=" ">
    <subfield code="a">1a ed.</subfield>
    <subfield code="b">Pr&#xF3;logo Jos&#xE9; Carlos Mainer Baque ; Traducci&#xF3;n M. Carmen Garcia Lecha.</subfield>
  </datafield>
  <datafield tag="260" ind1=" " ind2=" ">
    <subfield code="a">Espa&#xF1;a:</subfield>
    <subfield code="b">Salvat;</subfield>
    <subfield code="c">1982.</subfield>
  </datafield>
  <datafield tag="300" ind1=" " ind2=" ">
    <subfield code="a">159 p</subfield>
  </datafield>
  <datafield tag="500" ind1=" " ind2=" ">
    <subfield code="a">Pavese, C. (1982). El diablo sobre las colinas. (1a ed.). Espa&#xF1;a : Salvat.</subfield>
  </datafield>
  <datafield tag="505" ind1=" " ind2=" ">
    <subfield code="a">La corta y desdichada vida de Cesare Pavese tiene un aire desesperado y rom&#xE1;ntico que nos hace pensar en Leopardi, en Baudelaire o en cualquiera otra de las biograf&#xED;as que tantas veces record&#xF3; en su diario el escrito italiano. Contra Pavese se concitaron como encarnizados enemigos los titubeos, las imposibilidades y los fracasos que caracterizan al intelectual de nuestro tiempo, aumentados en su caso por el enfermizo retraimiento y un implacable descontento de si mismo: atraves&#xF3; desasosegantes crisis religiosas y pol&#xED;ticas (que no conjugaron ni el abandono de la religi&#xF3;n ni la adhesi&#xF3;n en 1945, al partido comunista); vivi&#xF3; una guerra internacional que en su pa&#xED;s se convirti&#xF3; en guerra civil entre partisanos y fascistas; padeci&#xF3; persecuciones bajo el r&#xE9;gimen de Mussolini y, tras un per&#xED;odo de confinamiento, tom&#xF3; parte en la lucha clandestina; tuvo &#xED;ntimas dificultades para realizarse sexualmente y sus fracasos segregaron una singular misoginia; sufri&#xF3; angustiosas dudas sobre la validez de su profesi&#xF3;n de escritor y fue el m&#xE1;s l&#xFA;cido cr&#xED;tico de si mismo. </subfield>
  </datafield>
  <datafield tag="590" ind1=" " ind2=" ">
    <subfield code="a">Proyecto 4to libro. Donaci&#xF3;n Julia Cabanne, mayo 2019. Faltan p&#xE1;ginas 7 a 14. </subfield>
  </datafield>
  <datafield tag="655" ind1=" " ind2=" ">
    <subfield code="a">Literatura</subfield>
    <subfield code="9">2917</subfield>
  </datafield>
  <datafield tag="942" ind1=" " ind2=" ">
    <subfield code="2">ddc</subfield>
    <subfield code="c">LIT</subfield>
  </datafield>
  <datafield tag="999" ind1=" " ind2=" ">
    <subfield code="c">3000</subfield>
    <subfield code="d">3000</subfield>
  </datafield>
  <datafield tag="952" ind1=" " ind2=" ">
    <subfield code="0">0</subfield>
    <subfield code="1">0</subfield>
    <subfield code="2">ddc</subfield>
    <subfield code="4">0</subfield>
    <subfield code="7">0</subfield>
    <subfield code="a">BFM</subfield>
    <subfield code="b">BFM</subfield>
    <subfield code="c">CR</subfield>
    <subfield code="d">2019-05-31</subfield>
    <subfield code="e">Donaci&#xF3;n Cabanne, Julia. Mayo 2019</subfield>
    <subfield code="l">0</subfield>
    <subfield code="o">808 65 PAV</subfield>
    <subfield code="p">4436</subfield>
    <subfield code="r">2019-05-31</subfield>
    <subfield code="t">Ej. 1</subfield>
    <subfield code="w">2019-05-31</subfield>
    <subfield code="y">LIT</subfield>
    <subfield code="z">Proyecto 4to libro. Donaci&#xF3;n Cabanne, Julia. Mayo 2019</subfield>
  </datafield>
</record>
